000 00348nam a2200121 a 4500
001 000036461
005 20200930075737.0
008 120118s1993 000 spa d
020 _a0844235253
245 0 _aHow to approach an adevertising agency and walk away with the job you wat.
260 _aLincolnwood, Illinois,
_c1993.
999 _c35952
_d35952
040 _aDO-SdBNP